Elizabeth Taylor - Taylor Swift (All Lyrics) - Statistics

General Stats
  • This quiz has been taken 540 times
    428 since last reset
  • The average score is 380 of 442
Answer Stats
Lyrics % Correct
Elizabeth
100%
(Elizabeth
100%
I
100%
Taylor
100%
Taylor,
100%
Do
99%
do
99%
for
99%
think
99%
you
99%
you)
99%
forever?
98%
forever
98%
forever?)
98%
it
98%
it's
98%
me
97%
my
97%
on
96%
the
95%
(And
94%
And
94%
and
94%
when
94%
but
93%
cry
93%
eyes
93%
if
93%
If
93%
(If
93%
be
92%
Be
92%
ever
91%
have
91%
your
91%
can't
90%
mind
90%
never
90%
one,
90%
real,
90%
two
90%
ever
89%
had
89%
hates
89%
Hollywood
89%
I'd
89%
of
89%
violet,
89%
was
89%
Tell
88%
All
87%
all
87%
at
87%
fun
87%
You're
87%
you're
87%
as
86%
last
86%
to
86%
baby
85%
hit,
85%
hit
85%
number
85%
so
85%
That
85%
hot
83%
only
83%
they
83%
They
83%
why)
83%
why
83%
Been
82%
know
82%
NY
82%
Portofino
82%
view
82%
said,
80%
Plaza
79%
"Goodbye"
78%
(Oh)
78%
Oh,
78%
oh,
78%
oh
78%
say
78%
say,
78%
stay
77%
leave
76%
right
76%
are
75%
dry
75%
who
75%
away,
74%
guys
74%
high
74%
called
73%
diamonds
73%
I'm
73%
(Just
73%
just
73%
they'd
73%
letters
72%
glamorous
71%
mine
71%
white
71%
feel
70%
like
70%
lights,
69%
promised
69%
bright
68%
doesn't
68%
look
68%
We
68%
lovers
67%
would
67%
bad
66%
Don't
66%
girl
66%
In
66%
in
66%
"Thanks"
66%
everything
65%
news,
65%
nothing
65%
once?
65%
Under
65%
what
65%
anything
63%
get
63%
has
63%
someone
63%
trade
63%
could
62%
Ooh,
61%
Cartier
60%
withered
60%
up
59%
Athénée
58%
trust
58%
best
56%
hypnotized
56%
end
55%
possibly
55%
Hey,
54%
Frank's
53%
kidding)
53%
their
53%
oftentimes
51%
minds
50%
bloom
48%
Babe,
47%
booth
47%
papers,
44%
screen,
44%
Musso
40%
(Uh)
40%
No matching quizzes found
Score Distribution
Percent of People with Each Score
Percentile by Number Answered
Your Score History
You have not taken this quiz since the last reset